000 00474nam a2200157 a 4500
005 20140412111309.0
008 001020s19uu xx 00 eng d
050 _aTR(PS E
_bSp8 1994
100 _aDunbar, Joyce
245 _aSpring rabbit (The) /
_cWritten by Joyce Dunbar; illustrated by Susan Varley.
260 _aLondon :
_bPictures Lions,
_c1994.
300 _a1 v. (unp.) ; ill.
650 _aRabbit stories-Fiction
650 _aChildren stories
999 _c103861
_d103861